W H Tolley & Son Ltd v SoS Environment and Torridge DC (Record no. 54881)

MARC details
000 -LEADER
fixed length control field 01518cab a2200241 4500
001 - CONTROL NUMBER
control field ABS58941
008 - FIXED-LENGTH DATA ELEMENTS--GENERAL INFORMATION
fixed length control field 090401t1998 xxu||||| |||| 00| 0 eng d
035 ## - SYSTEM CONTROL NUMBER
System control number (Sirsi) u87091
041 ## - LANGUAGE CODE
Language code of text/sound track or separate title eng
245 ## - TITLE STATEMENT
Title W H Tolley & Son Ltd v SoS Environment and Torridge DC
260 ## - PUBLICATION, DISTRIBUTION, ETC.
Date of publication, distribution, etc. 1998
350 ## - PRICE (NR) (BK AM CF MU VM SE) [OBSOLETE]
Price 0
490 ## - SERIES STATEMENT
Series statement Property, planning & compensation reports
Volume/sequential designation [1998] 75 P&CR 533-537(5)
520 ## - SUMMARY, ETC.
Summary, etc. QBD 20 May 1997. W H Tolley & Son Ltd (T) was granted temporary planning permission in respect of a builders yard on the basis that T intended to relocate. The site adjoined a residential estate, with access via an estate road which narrowed as it approached the site. T did not relocate and after the temporary permission expired applied to carry out some development on the site, which was refused. An appeal was also refused. T applied for the inspectors decision to be quashed on the grounds that no justification had been given for an increase in traffic flows and no allowance had been made for the reduction in noise and visual effects resulting form operation within a workshop rather than an open site. "Held" the Inspector had omitted no material consideration and had given sufficiently clear reasons for his decision. Appeal dismissed.
650 ## - SUBJECT ADDED ENTRY--TOPICAL TERM
Topical term or geographic name entry element ACCESS ROAD
650 ## - SUBJECT ADDED ENTRY--TOPICAL TERM
Topical term or geographic name entry element CONSOLIDATION
650 ## - SUBJECT ADDED ENTRY--TOPICAL TERM
Topical term or geographic name entry element LOCAL PLAN
650 ## - SUBJECT ADDED ENTRY--TOPICAL TERM
Topical term or geographic name entry element SNOWDEN V SOS ENVIRONMENT
650 ## - SUBJECT ADDED ENTRY--TOPICAL TERM
Topical term or geographic name entry element TOWN AND COUNTRY PLANNING ACT 1990 S288
690 ## - LOCAL SUBJECT ADDED ENTRY--TOPICAL TERM (OCLC, RLIN)
Topical term or geographic name as entry element PLANNING LAW AND PRACTICE-CASE LAW
942 ## - ADDED ENTRY ELEMENTS (KOHA)
Suppress in OPAC 0
948 ## - LOCAL PROCESSING INFORMATION (OCLC); SERIES PART DESIGNATOR (RLIN)
c (OCLC) 30/06/1998
Holdings
Withdrawn status Lost status Source of classification or shelving scheme Damaged status Not for loan Home library Current library Shelving location Date acquired Total Checkouts Full call number Barcode Date last seen Copy number Price effective from Koha item type
    Dewey Decimal Classification     London London Journal article 14/09/1999   ABS58941 87091-1001 06/08/2019 1 06/08/2019 Law report